000 00455nam a22001817a 4500
003 MPLRDC
005 20220104114240.0
008 210129b ||||| |||| 00| 0 eng d
082 _a889 HGCS v.187
100 _aGEORGE ORWELL
245 _a1984
_c刘绍铭译
250 _a第一版
260 _a
_b皇冠出版社
_c1984
300 _b
490 _a当代名著精选. 187
650 _a西洋小说之中文翻译
942 _cBK
_o889 HGCS v.187
999 _c5998
_d5988